Score 0/20 Timer 03:00
0 Plays Today
Toy Missing Word % Correct
Beanie ______Babies
94.9%
Mighty Morphin Power _______Rangers
93.5%
_____ SoakerSuper
90.5%
Super _______ Entertainment SystemNintendo
90%
Tickle Me ____Elmo
89.8%
Sony _________PlayStation
79.4%
Bop __It
79.1%
Don't ____ DaddyWake
73.6%
___ BakYak
73.5%
Jibba ______Jabber
71.1%
Toy Missing Word % Correct
Talking Steve _____Urkel
44.7%
Game Boy _____Color
42.9%
_______ Pet ShopLittlest
41.4%
Sega _________Dreamcast
35.2%
____ PetGiga
33.5%
_____ in My PocketKitty
17.6%
_____ JaguarAtari
16.3%
___ BucketMr.
15.1%
Spin ________Fighters
4.3%
The Original Battle ______Trolls
4.1%

Today's Daily Dose

Missing Word
Lizzo Songs

Get the Picture
The Longest Rivers

Remove Ads.
Support Sporcle.
Get the best of Sporcle when you Go Orange. This ad-free experience offers more features, more stats, and more fun while also helping to support Sporcle. Thank you for becoming a member.

You're not logged in!

Compare scores with friends on all Sporcle quizzes.
OR
Log In

Show Comments

Extras

Top Quizzes Today


Score Distribution

Your Account Isn't Verified!

In order to create a playlist on Sporcle, you need to verify the email address you used during registration. Go to your Sporcle Settings to finish the process.

Report this User

Report this user for behavior that violates our Community Guidelines.

Details: